|
|
|
|
| LEADER |
00000nam0a2200000 4500 |
| 001 |
158987 |
| 005 |
20231031154851.0 |
| 010 |
|
|
|a 9785390002629
|
| 035 |
|
|
|a (RuTPU)RU\TPU\book\172431
|
| 090 |
|
|
|a 158987
|
| 100 |
|
|
|a 20090430d2008 k y0rusy50 ca
|
| 101 |
0 |
|
|a rus
|
| 102 |
|
|
|a RU
|
| 105 |
|
|
|a y z 001zy
|
| 200 |
1 |
|
|a Организационно-экономический механизм управления регионом: формирование, функционирование, развитие
|e монография
|f Р. Г. Маннапов, Л. Г. Ахтариева
|
| 210 |
|
|
|a Москва
|c КноРус
|d 2008
|
| 215 |
|
|
|a 341 с.
|
| 320 |
|
|
|a Библиогр.: с. 325-341.
|
| 330 |
|
|
|a В монографии излагаются теоретико-методологические основы формирования организационно-экономического механизма управления регионом и использования его инструментария в современных условиях общественного прогресса. Раскрываются условия, особенности и практический опыт системного управления в регионах, детально рассматриваются факторы и формы повышения конкурентоспособности региона. Обосновываются основные направления, практические меры и предложения по развитию организационно-экономического механизма управления регионом. Представляет научный интерес для исследователей и экспертов в области региональной экономики и управления, специалистов в сфере государственного управления, преподавателей, докторантов, аспирантов, соискателей ученых степеней и студентов экономических специальностей.
|
| 606 |
1 |
|
|a Региональная экономика
|2 stltpush
|3 (RuTPU)RU\TPU\subj\38035
|
| 610 |
1 |
|
|a регионы
|
| 610 |
1 |
|
|a управление
|
| 610 |
1 |
|
|a региональное планирование
|
| 610 |
1 |
|
|a инновации
|
| 610 |
1 |
|
|a структурные преобразования
|
| 610 |
1 |
|
|a рыночная инфраструктура
|
| 610 |
1 |
|
|a модернизация
|
| 610 |
1 |
|
|a конкурентоспособность
|
| 610 |
1 |
|
|a экономическая поддержка
|
| 610 |
1 |
|
|a государственное регулирование
|
| 610 |
1 |
|
|a частно-государственное партнерство
|
| 610 |
1 |
|
|a социальная сфера
|
| 610 |
1 |
|
|a кадровое обеспечение
|
| 686 |
|
|
|a У04(2)
|v LBC/SL-A
|2 rubbk
|
| 700 |
|
1 |
|a Маннапов
|b Р. Г.
|g Раис Габдулхакович
|
| 701 |
|
1 |
|a Ахтариева
|b Л. Г.
|g Люция Габдулхаевна
|
| 801 |
|
1 |
|a RU
|b 63413507
|c 20090430
|g PSBO
|
| 801 |
|
2 |
|a RU
|b 63413507
|c 20180301
|g PSBO
|
| 900 |
|
|
|a Государственное и региональное управление
|
| 942 |
|
|
|c BK
|
| 959 |
|
|
|a 57/20090429
|d 1
|e 350,00
|f ЧЗГЛ:1
|